|
|
|
|
| LEADER |
01431nam a2200385Ia 4500 |
| 001 |
EBC459797 |
| 003 |
MiAaPQ |
| 005 |
20200520144314.0 |
| 006 |
m o d | |
| 007 |
cr cn||||||||| |
| 008 |
051011s2005 dcu s 000 0 eng d |
| 010 |
|
|
|z 2005416993
|
| 020 |
|
|
|z 0821364324
|
| 024 |
3 |
|
|z 9780821364321
|
| 035 |
|
|
|a (MiAaPQ)EBC459797
|
| 035 |
|
|
|a (Au-PeEL)EBL459797
|
| 035 |
|
|
|a (CaPaEBR)ebr10089215
|
| 035 |
|
|
|a (CaONFJC)MIL22389
|
| 035 |
|
|
|a (OCoLC)935270987
|
| 040 |
|
|
|a MiAaPQ
|c MiAaPQ
|d MiAaPQ
|
| 050 |
|
4 |
|a K70.B3
|b F56 2005
|
| 245 |
0 |
0 |
|a Financial sector assessment
|h [electronic resource] :
|b an handbook /
|c World Bank and International Monetary Fund.
|
| 260 |
|
|
|a Washington, D.C. :
|b World Bank and International Monetary Fund,
|c 2005.
|
| 300 |
|
|
|a 459 p.
|
| 500 |
|
|
|a "September 2005."
|
| 533 |
|
|
|a Electronic reproduction. Ann Arbor, MI : ProQuest, 2015. Available via World Wide Web. Access may be limited to ProQuest affiliated libraries.
|
| 650 |
|
0 |
|a Financial services industry
|x State supervision.
|
| 650 |
|
0 |
|a Banks and banking
|x State supervision.
|
| 650 |
|
0 |
|a Securities industry
|x State supervision.
|
| 650 |
|
0 |
|a Insurance
|x State supervision.
|
| 650 |
|
0 |
|a Financial crises.
|
| 650 |
|
0 |
|a Risk assessment.
|
| 655 |
|
4 |
|a Electronic books.
|
| 710 |
2 |
|
|a ProQuest (Firm)
|
| 856 |
4 |
0 |
|u https://ebookcentral.proquest.com/lib/matrademy/detail.action?docID=459797
|z Click to View
|